[Event "Pereira Fiestas de la Cosecha op"]
[Site "Pereira"]
[Date "2023.08.26"]
[Round "4"]
[White "Estrada Diaz, Laura Andrea"]
[Black "Bautista Chiquillo, Leidy Johanna"]
[Result "1-0"]
[WhiteElo "1322"]
[BlackElo "1604"]
[PlyCount "81"]
[EventDate "2023.08.24"]
[EventType "swiss"]
[EventRounds "7"]
[EventCountry "COL"]
[SourceTitle "EXT 2024"]
[Source "ChessBase"]
[SourceDate "2023.10.10"]
[SourceVersion "1"]
[SourceVersionDate "2023.10.10"]
[SourceQuality "1"]

1. e4 c5 2. Nf3 d6 3. d3 Nc6 4. g3 Nf6 5. Bg2 e6 6. c3 Be7 7. 0-0 0-0 8. h3 d5 9. e5 Nd7 10. Re1 Qc7 11. Qe2 b6 12. d4 cxd4 13. cxd4 a5 14. Nc3 Ba6 15. Qc2 Nb4 16. Qd2 Rac8 17. Bf1 Bxf1 18. Rxf1 Qc4 19. Rd1 Rc7 20. a3 Na6 21. Qf4 Qb3 22. Qg4 Kh8 23. Bg5 Bxg5 24. Nxg5 Ndb8 25. Qf3 Qxb2 26. Rac1 Qxa3 27. Qd3 g6 28. h4 Kg7 29. h5 Rfc8 30. Qf3 Qe7 31. Nh3 b5 32. Qf4 h6 33. Nxb5 Rxc1 34. Rxc1 Rxc1+ 35. Qxc1 Qb4 36. Nd6 Qxd4 37. hxg6 Qxe5 38. Ne8+ Kxg6 39. Nf4+ Kh7 40. Qc2+ Qe4 41. Nf6+ 1-0